[Event "Barnaul Kura Memorial"]
[Site "Barnaul"]
[Date "2023.02.25"]
[Round "3"]
[White "Timofeeva, Ekaterina"]
[Black "Diveeva, Daryia"]
[Result "1/2-1/2"]
[WhiteElo "2295"]
[BlackElo "1608"]
[PlyCount "104"]
[EventDate "2023.02.25"]
[EventType "swiss (rapid)"]
[EventRounds "11"]
[EventCountry "RUS"]
[SourceTitle "CBM 213 Extra"]
[Source "ChessBase"]
[SourceDate "2023.05.31"]
[SourceVersion "1"]
[SourceVersionDate "2023.05.31"]
[SourceQuality "1"]

1. Nf3 Nf6 2. g3 d5 3. Bg2 Bg4 4. c4 e6 5. h3 Bxf3 6. Bxf3 c6 7. 0-0 Bd6 8. b3 Nbd7 9. Bb2 Ne5 10. Bxe5 Bxe5 11. d4 Bc7 12. Nc3 0-0 13. Rc1 Rc8 14. e3 Re8 15. Ne2 h6 16. Qc2 Nh7 17. Bg2 Nf6 18. f4 Qe7 19. Qd3 Bb8 20. Bf3 a6 21. c5 Nh7 22. e4 dxe4 23. Bxe4 Nf6 24. Bf3 Rcd8 25. Rfe1 e5 26. fxe5 Bxe5 27. Kf2 Qd7 28. Rcd1 Bc7 29. Kg2 Nd5 30. Bxd5 Qxd5+ 31. Qf3 Qxf3+ 32. Kxf3 Ba5 33. Rf1 Re7 34. Rd3 Rde8 35. Rf2 Be1 36. Rg2 Ba5 37. a3 Bc7 38. b4 Re6 39. Nf4 Bxf4 40. gxf4 Re1 41. Kg4 R1e3 42. Rg3 Re1 43. d5 cxd5 44. Rxd5 R8e7 45. Rd4 Kh7 46. a4 Kg6 47. f5+ Kh7 48. Rf3 Ra1 49. b5 axb5 50. axb5 Rb1 51. b6 Rc1 52. Rd5 Rc4+ 1/2-1/2

[Event "Cheliabinsk Panchenko Memorial op-B"]
[Site "Cheliabinsk"]
[Date "2020.09.11"]
[Round "5"]
[White "Diveeva, Daryia"]
[Black "Kalashnikova, Elena"]
[Result "0-1"]
[WhiteElo "1752"]
[BlackElo "1683"]
[PlyCount "82"]
[EventDate "2020.09.07"]
[EventType "swiss"]
[EventRounds "9"]
[EventCountry "RUS"]
[SourceTitle "CBM 198 Extra"]
[Source "ChessBase"]
[SourceDate "2020.11.30"]
[SourceVersion "1"]
[SourceVersionDate "2020.11.30"]
[SourceQuality "1"]

1. d4 Nf6 2. Bf4 e6 3. e3 c5 4. c3 Nc6 5. Nd2 h6 6. h3 d5 7. Ngf3 Bd6 8. Ne5 0-0 9. Bg3 Qc7 10. f4 c4 11. Be2 b5 12. a3 Bb7 13. 0-0 a5 14. Bf3 Ne7 15. Qe2 Ne4 16. Bxe4 dxe4 17. a4 f6 18. Ng4 Bd5 19. axb5 a4 20. Ra2 Rfb8 21. Rfa1 Rxb5 22. b3 cxb3 23. Qxb5 bxa2 24. c4 Bc6 25. Qb2 Rb8 26. Qxa2 Bb4 27. Qc2 h5 28. Nh2 Bxd2 29. Qxd2 Rb3 30. Nf1 Nf5 31. Bf2 Nd6 32. Qc2 Qb7 33. Be1 a3 34. Qc1 Qa6 35. c5 Nf5 36. g4 Ne7 37. Nd2 Rxe3 38. Nc4 Rxh3 39. Rxa3 Rxa3 40. Nxa3 Qe2 41. Qc3 e3 0-1

[Event "Moscow op (Women) 16th"]
[Site "Moscow"]
[Date "2020.02.02"]
[Round "9"]
[White "Mkrtchyan, Anahit D"]
[Black "Diveeva, Daryia"]
[Result "0-1"]
[WhiteElo "1864"]
[BlackElo "1645"]
[PlyCount "114"]
[EventDate "2020.01.25"]
[EventType "swiss"]
[EventRounds "9"]
[EventCountry "RUS"]
[SourceTitle "CBM 194 Extra"]
[Source "ChessBase"]
[SourceDate "2020.03.31"]
[SourceVersion "1"]
[SourceVersionDate "2020.03.31"]
[SourceQuality "1"]

1. Nf3 Nf6 2. c4 c6 3. d4 d5 4. e3 a6 5. b3 b5 6. Bd3 Bg4 7. Nbd2 e6 8. 0-0 Be7 9. Bb2 0-0 10. Qc2 Bh5 11. Rfe1 Bg6 12. e4 dxe4 13. Nxe4 Nbd7 14. Nxf6+ Bxf6 15. Bxg6 hxg6 16. Ne5 Nxe5 17. dxe5 Be7 18. Rad1 Qc7 19. Qe4 Rad8 20. h3 Rd7 21. Qe2 Rfd8 22. Kh2 Bb4 23. Rxd7 Qxd7 24. Rc1 Qd2 25. Rc2 Qxe2 26. Rxe2 bxc4 27. bxc4 Rd3 28. Rc2 Kf8 29. f3 a5 30. Kg3 Ke7 31. Kf2 Kd8 32. Ke2 Rd7 33. Bc3 Kc7 34. Bb2 Kb7 35. Bc1 Bc5 36. Rd2 Rxd2+ 37. Bxd2 Kb6 38. Kd3 Bb4 39. Be3+ Bc5 40. Bg5 Kc7 41. Be3 Bxe3 42. Kxe3 Kb6 43. Kd4 c5+ 44. Ke4 Kc6 45. f4 Kd7 46. g4 Ke7 47. f5 gxf5+ 48. gxf5 exf5+ 49. Kxf5 Kd7 50. h4 Ke7 51. h5 g6+ 52. hxg6 fxg6+ 53. Kxg6 Ke6 54. a4 Kxe5 55. Kf7 Kd4 56. Ke6 Kxc4 57. Kd6 Kb4 0-1

[Event "Moscow op (Women) 16th"]
[Site "Moscow"]
[Date "2020.01.28"]
[Round "4"]
[White "Diveeva, Daryia"]
[Black "Bandurina, Sofiya"]
[Result "1/2-1/2"]
[WhiteElo "1645"]
[BlackElo "1863"]
[PlyCount "69"]
[EventDate "2020.01.25"]
[EventType "swiss"]
[EventRounds "9"]
[EventCountry "RUS"]
[SourceTitle "CBM 194 Extra"]
[Source "ChessBase"]
[SourceDate "2020.03.31"]
[SourceVersion "1"]
[SourceVersionDate "2020.03.31"]
[SourceQuality "1"]

1. d4 Nf6 2. Bf4 e6 3. e3 b6 4. Nf3 Bb7 5. Nbd2 Be7 6. h3 c5 7. c3 Ne4 8. Bd3 Nxd2 9. Qxd2 f5 10. Qe2 0-0 11. 0-0 d5 12. Ne5 Nc6 13. Nxc6 Bxc6 14. Bh2 Rf6 15. Kh1 Rh6 16. f4 Rf6 17. Bb5 Qd7 18. Bxc6 Qxc6 19. Bg3 Rff8 20. Be1 c4 21. Rg1 b5 22. g4 a5 23. a3 Qe8 24. Qg2 Qf7 25. Bd2 Rfb8 26. Qe2 Bf8 27. Qg2 Ra7 28. Qe2 Raa8 29. Qg2 Ra7 30. Qe2 Rab7 31. Rg2 Ra7 32. Rgg1 Rab7 33. Rg2 Ra7 34. Rgg1 Rab7 35. Rg2 1/2-1/2